00523nam a2200157Ia 4500008004100000020001500041050002100056100003000077245008800107250001900195260002600214300003700240650002500277650002300302650004000325120626s9999 xx 000 0 und d a9682439477 aLB1067 bM6 Z36 aZapata, Oscar A. eautor  aPsicopedagogía de la educación motriz en la adolescencia c/ Oscar A., Zapata  a2a. edición  aMéxico b: Trillas  a404 páginas b: ilustraciones  0aEDUCACIÓN FÍSICA 0aAPRENDIZAJE MOTOR  0aDEPORTES vASPECTOS PSICOLÓGICOS